|
|
|
|
| LEADER |
00000nta a2200000 i 4500 |
| 001 |
dolg223 |
| 005 |
20150825110843.0 |
| 008 |
150305suuuu hu om 000 hun d |
| 040 |
|
|
|a BGE Dolgozattár Repozitórium
|b hun
|
| 041 |
|
|
|a hu
|
| 100 |
1 |
|
|a Szabó Ildikó
|
| 245 |
1 |
2 |
|a A Balanced Scorecard kialakítása az Alstom Hungária Zrt. Erőműszerviz üzletágánál
|c Szabó Ildikó
|h [elektronikus dokumentum]
|
| 695 |
|
|
|a Balanced Scorecard
|
| 695 |
|
|
|a Alstom Hungária Zrt.
|
| 700 |
1 |
|
|a Gritsch Dr. Mátyás
|e ths
|
| 856 |
4 |
0 |
|u http://dolgozattar.uni-bge.hu/223/1/A%20Balanced%20Scorecard%20kialak%C3%ADt%C3%A1sa%20az%20Alstom%20Hung%C3%A1ria%20Zrt.%20Er%C5%91m%C5%B1szerviz%20%C3%BCzlet%C3%A1g%C3%A1n%C3%A1l.pdf
|z Dokumentum-elérés
|
| 856 |
4 |
0 |
|u http://dolgozattar.uni-bge.hu/223/4/HCLR32.pdf
|z Dokumentum-elérés
|